| 000 | 00813 a2200253 4500 | ||
|---|---|---|---|
| 005 | 20260413135759.0 | ||
| 008 | 260409b |||||||| |||| 00| 0 eng d | ||
| 020 | _a9781473953246 | ||
| 040 |
_aLC _cUNZA _eRDA |
||
| 050 |
_aH 62 _bBRA 2022 |
||
| 100 |
_aBraun, Virginia _eauthor |
||
| 245 |
_aThematic analysis : _ba practical guide / _cVirginia Braun and Victoria Clarke. |
||
| 260 |
_aLondon : _bSAGE Publications Ltd, _c2022. |
||
| 300 |
_axvi, 338 pages : _billustrations. |
||
| 336 | _aText | ||
| 337 | _aUnmediated | ||
| 338 | _aVolume | ||
| 504 | _aIncludes bibliographical references and index. | ||
| 650 | _aQualitative research | ||
| 650 |
_aSocial sciences _x Research _xMethodology |
||
| 650 | _aThematic analysis (Research method) | ||
| 700 |
_aClarke, Victoria _eauthor |
||
| 942 | _cBOOK | ||
| 999 |
_c216565 _d216565 |
||